| 000 | 01780nam0a2200349 4500 | ||
|---|---|---|---|
| 001 | RU\NLR\bibl\1068574 | ||
| 005 | 20250615042650.0 | ||
| 021 |
_aRU _b2007-11853 _9628 |
||
| 035 | _a(NLR Aleph) 001055819 | ||
| 090 |
_a907456 _c907456 |
||
| 100 | _a20070404d2007 |||y0rusy50 ca | ||
| 101 | 0 |
_arus _deng |
|
| 102 | _aRU | ||
| 105 | _aa ||||||||| | ||
| 200 | 1 |
_aОчерки по истории и философии науки _eучебное пособие для аспирантов _fП.В. Челышев, В.Ф. Челышева _gФедер. агентство по образованию, Моск. гос. гор. ун-т, Каф. философии и культурологии |
|
| 210 |
_aМосква _cМосковский государственный горный университет _d2007 |
||
| 215 |
_a147 с. _cил., портр. _d21 |
||
| 300 | _aРез. на англ. яз. | ||
| 320 | _aБиблиогр.: с. 138-145 и в подстроч. прим. | ||
| 606 | 1 |
_aФилософия науки _jУчебные издания для последипломного образования _92167523 _3RU\NLR\AUTH\6601540803 |
|
| 606 | 1 |
_aНаука _jУчебные издания для последипломного образования _xИстория _91659314 _3RU\NLR\auth\66735062 |
|
| 686 | _aЮ25я73 | ||
| 686 | _aЧ213(0)я73 | ||
| 700 | 1 |
_4070 _7ca _8rus _aЧелышев _bП. В. _f1954- _gПавел Валентинович _9255702 _3RU\NLR\AUTH\770255758 |
|
| 701 | 1 |
_aЧелышева _bВ. Ф. _gВера Феодосьевна _4070 |
|
| 801 | 0 |
_aRU _bNLR _c20070404 _gRCR |
|
| 801 | 1 |
_aRU _bNLR _c20070404 |
|
| 830 | _aавт. по кн. | ||
| 942 | _cBOOK | ||
| 980 | _aNB | ||